000 00864 a2200229 4500
003 Nust
005 20240104112145.0
010 _a 99071986
020 _a0721643205
040 _cNust
082 0 0 _a512.1,GRO
100 1 _a Shaw Groza,Vivian
_9102473
245 1 0 _aIntermediate algebra /
_c Vivian Shaw Groza, Gene Sellers
250 _a3rd ed.
260 _aToronto
_bW. B. Saunders Company
_cc1978
300 _axxi, 684, 156 p. :
_bcol. ill. ;
_c26 cm.
505 _aReview of Basic Techniques (Page-1), Equations and Inequalities (Page-71), Quadratic Equations (Page-127), Relations, Functions, Graphics (Page-200), Exponents and Radicals (Page-294), Logarithms (Page-349), Systems of Equations (Page-400).
650 0 _aAlgebra.
_98509
700 1 _aHeyd, David E.
_9102255
700 1 _aHostetler, Robert P.
_939192
942 _2ddc
_cBK
_k512.1,FLA
999 _c181706
_d181706